|
|
|
|
| LEADER |
01111nam a2200385 4500 |
| 001 |
DLU080061717 |
| 005 |
##20080107 |
| 008 |
##031015s2005 mauab b 001 0 eng |
| 010 |
# |
# |
|a 2003064164
|
| 020 |
# |
# |
|a 0072833718 (alk. paper)
|
| 040 |
# |
# |
|a DLC
|c DLU
|d DLU
|
| 042 |
# |
# |
|a pcc
|
| 050 |
# |
# |
|a HF1416
|b .C375 2005
|
| 082 |
# |
# |
|a 658.848
|b CA-P
|
| 100 |
# |
# |
|a Cateora, Philip R.
|
| 245 |
# |
# |
|a International marketing /
|c Philip R. Cateora, John L. Graham.
|
| 250 |
# |
# |
|a 12th ed.
|
| 260 |
# |
# |
|a Boston :
|b McGraw-Hill/Irwin,
|c c2005.
|
| 300 |
# |
# |
|a xxxiii, 697 p. :
|b col. ill., col. maps ;
|c 29 cm. +
|e 1 CD-ROM (4 3/4 in.)
|
| 440 |
# |
# |
|a McGraw-Hill/Irwin series in marketing
|
| 504 |
# |
# |
|a Includes bibliographical references and indexes.
|
| 650 |
# |
# |
|a Export marketing.
|
| 650 |
# |
# |
|a International business enterprises.
|
| 700 |
# |
# |
|a Graham, John L.
|
| 923 |
# |
# |
|a 25/2007
|
| 992 |
# |
# |
|a 36000
|
| 993 |
# |
# |
|a 2005
|
| 994 |
# |
# |
|a DLU
|
| 900 |
# |
# |
|a True
|
| 911 |
# |
# |
|a Trương Bảo Trâm Anh
|
| 925 |
# |
# |
|a G
|
| 926 |
# |
# |
|a A
|
| 927 |
# |
# |
|a SH
|
| 980 |
# |
# |
|a Thư viện Trường Đại học Đà Lạt
|